=LDR 00000nam 2200000 4500 =001 INLIS000000000030144 =005 20130612132321 =008 ***********************************Ind** =035 ##$$0010-061300000030144 =041 ##$$a Ind =082 ##$$a 813 =090 ##$$a 813, Gib n =100 ##$$a Gibran, Kahlil =245 ##$$a Nabi dari Libanon, Kahlil Gibran =260 ##$$a 2007 $b Yogyakarta =300 ##$$a viii, 178 hlm, 17 cm =650 ##$$a Fiksi - Dewasa =850 ##$$a NBPNMAT